صد ا ئين تيز تھين ليکن (Record no. 76752)

MARC details
000 -LEADER
fixed length control field 00711nam a22002057a 4500
005 - DATE AND TIME OF LATEST TRANSACTION
control field 20130702154557.0
010 ## - LCCN (DPL NO)
LC control number UR-8464
020 ## - INTERNATIONAL STANDARD BOOK NUMBER
International Standard Book Number 9788182237209
Terms of availability 200.00
035 ## - SYSTEM CONTROL NUMBER
System control number U-7019
037 ## - SOURCE OF ACQUISITION
Source of stock number/acquisition DBAD/PUB
082 ## - DEWEY DECIMAL CLASSIFICATION NUMBER
Classification number 841
100 ## - MAIN ENTRY--PERSONAL NAME
Personal name صا بر عمر گا لسو لکر
245 ## - TITLE STATEMENT
Title صد ا ئين تيز تھين ليکن
Statement of responsibility, etc صا بر عمر گا لسو لکر
246 ## - VARYING FORM OF TITLE
Title proper/short title Sadayen Tez Theen Lekin
Remainder of title by Sabir Umar Galsulkar
260 ## - PUBLICATION, DISTRIBUTION, ETC. (IMPRINT)
Place of publication, distribution, etc Delhi
Name of publisher, distributor, etc Educational Publishing House
Date of publication, distribution, etc 2010
270 ## - ADDRESS
Address 3108-Vakil street ,Kucha Pandit,Lal Kuan
City Delhi
Postal code 110006
Telephone number 23216162,23214465
300 ## - PHYSICAL DESCRIPTION
Extent 111ص
Other physical details 22 cm
700 ## - ADDED ENTRY--PERSONAL NAME
Dates associated with a name Edited by Chanchal Singh Cheema
942 ## - ADDED ENTRY ELEMENTS (KOHA)
Source of classification or shelving scheme Dewey Decimal Classification
Item type Urdu Bks
Classification part 841
Call number suffix ص ا ب
Holdings
Withdrawn status Lost status Not for loan Collection code Home library Current library Date acquired Source of acquisition Cost, normal purchase price Full call number Barcode Copy number Cost, replacement price Koha item type
      Non-fiction D.B.Act.Division D.B.Act.Division 18/06/2013 841 200.00 841 ص ا ب U-7019 1 200.00 Urdu Bks

© Delhi Public Library
Hit Counter
free hit counter